Statistics for 100 Biggest Cities in Southern/Western Europe on a Map

Click here to take the quiz!

General Stats

  • This quiz has been taken 506 times
  • The average score is 84 of 100

Answers on the Map

Answers color-coded by a green-red scale on the quiz's map according to % correct below.
 

Answer Stats

PopulationCity% Correct
2,175,601Paris
100%
872,922Amsterdam
99%
1,664,182Barcelona
99%
3,669,491Berlin
99%
553,165Dublin
99%
552,700Lisbon
99%
9,047,570London
99%
3,334,730Madrid
99%
1,397,715Milan
99%
2,783,809Rome
99%
1,921,153Vienna
99%
504,020Edinburgh
98%
629,920Glasgow
98%
1,847,253Hamburg
98%
586,889Liverpool
98%
868,277Marseille
98%
1,484,226Munich
98%
940,940Naples
98%
800,215Valencia
98%
1,160,254Birmingham
97%
518,635Lyon
97%
563,561Manchester
97%
341,032Nice
97%
640,720Palermo
97%
652,541Rotterdam
97%
848,196Turin
97%
255,609Venice
97%
421,712Zürich
97%
664,046Athens
96%
338,160Belfast
96%
359,755Florence
96%
511,164Leeds
96%
691,395Seville
96%
1,087,863Cologne
95%
763,380Frankfurt am Main
95%
547,757The Hague
95%
529,247Antwerp
94%
257,068Bordeaux
94%
354,178Cardiff
94%
558,930Genoa
94%
635,911Stuttgart
93%
578,460Málaga
92%
486,828Toulouse
92%
350,184Bilbao
91%
556,780Dresden
91%
287,535Newcastle upon Tyne
91%
325,182Thessaloniki
91%
577,246Bristol
90%
681,877Zaragoza
90%
567,559Bremen
89%
621,877Dusseldorf
89%
536,925Hanover
89%
313,003Bari
88%
582,760Essen
88%
593,145Leipzig
88%
314,138Nantes
88%
518,370Nuremberg
88%
422,587Palma de Mallorca
88%
284,677Strasbourg
88%
394,463Bologna
87%
552,143Sheffield
86%
269,750Southampton
85%
588,250Dortmund
84%
291,130Graz
84%
294,298Catania
83%
459,403Murcia
82%
315,987Nottingham
82%
359,376Utrecht
82%
472,558Leicester
80%
290,053Montpellier
80%
263,927Ghent
79%
329,673Bonn
77%
310,658Mannheim
76%
257,838Verona
76%
337,482Alicante
74%
248,960Aachen
73%
326,039Córdoba
71%
248,929Portsmouth
70%
288,028Kingston upon Hull
69%
296,692Vigo
69%
382,073Coventry
68%
334,195Bielefeld
67%
498,686Duisburg
67%
381,223Las Palmas de Gran Canaria
67%
299,265Valladolid
67%
296,582Augsburg
66%
315,293Münster
65%
312,060Karlsruhe
61%
366,187Bradford
59%
271,717Gijón
58%
365,587Bochum
57%
278,137Stoke-on-Trent
57%
355,100Wuppertal
56%
264,654Derby
53%
261,034Mönchengladbach
50%
269,382L'Hospitalet de Llobregat
48%
259,645Gelsenkirchen
45%
253,996Vitoria-Gasteiz
45%
278,474Wiesbaden
43%
249,406Brunswick
38%

Score Distribution

Percentile by Number Answered

Percent of People with Each Score

Your Score History

You have not taken this quiz